|
|
|
|
| LEADER |
01020nam a2200337 4500 |
| 001 |
DLU180183387 |
| 005 |
##20180122 |
| 020 |
# |
# |
|a 9786049070853
|
| 040 |
# |
# |
|a DLU
|b vie
|
| 041 |
# |
# |
|a vie
|
| 044 |
# |
# |
|a vn
|
| 082 |
# |
# |
|a 793.309 597
|b LY-S
|
| 100 |
# |
# |
|a Lý Sol.
|
| 245 |
# |
# |
|a Nghệ thuật múa dân gian các dân tộc thiểu số Tây Nguyên /
|c Lý Sol, Linh Nga Niê Kdam.
|
| 260 |
# |
# |
|a H. :
|b Sân khấu,
|c 2016.
|
| 300 |
# |
# |
|a 230 tr. :
|b minh họa màu ;
|c 21 cm.
|
| 504 |
# |
# |
|a Tài liệu tham khảo: tr. 217-223.
|
| 505 |
# |
# |
|a Chương một. Khái quát về nghệ thuật diễn xướng Tây Nguyên -- Chương hai. Nghệ thuật múa dân gian Tây Nguyên.
|
| 650 |
# |
# |
|a Múa dân gian
|z Việt Nam
|z Tây Nguyên.
|
| 700 |
# |
# |
|a Linh Nga Niê Kdam.
|
| 923 |
# |
# |
|a 01/2017
|
| 991 |
# |
# |
|a SH
|
| 992 |
# |
# |
|a 9000
|
| 994 |
# |
# |
|a DLU
|
| 900 |
# |
# |
|a True
|
| 911 |
# |
# |
|a Nguyễn Thanh Hương
|
| 925 |
# |
# |
|a G
|
| 926 |
# |
# |
|a A
|
| 927 |
# |
# |
|a SH
|
| 980 |
# |
# |
|a Thư viện Trường Đại học Đà Lạt
|